000 00520nam a2200181Ia 4500
001 14043
005 20260306164845.0
008 260306t2006||||xx |||||||||||||| ||spa||
041 _aESP
082 _a006.3
_bI59
100 _aIEEE World Congress on Computational Intelligence
_eAUT
245 0 _a2006 IEEE World Congress on Computational Intelligence:
_bfinal programa and book of abstracts
260 _c2006
300 _a442 páginas :
_c27 cm.
650 _aGEN
654 _aCCC
942 _cLIB
_dJUS
_fJUS
_2ddc
_n
999 _c14043
_d14043